[Event "POL-ChT3"]
[Site "Lazy POL"]
[Date "2012.09.05"]
[Round "5"]
[White "Staroszczyk, Mateusz"]
[Black "Plonczak, Dominik"]
[Result "1/2-1/2"]
[WhiteElo "2024"]
[BlackElo "2169"]
[EventDate "2012.09.01"]
[PlyCount "82"]

1.c4 e5 2.Nc3 Nf6 3.g3 Nc6 4.Bg2 Bc5 5.d3 h6 6.Nf3 d6 7.O-O O-O 8.Na4 Bb6 
9.Nxb6 axb6 10.b3 Re8 11.Bb2 Bf5 12.Re1 Qd7 13.a3 Bh3 14.Bh1 Ne7 15.Qc2 
Ng6 16.Nd2 Rad8 17.d4 Bf5 18.e4 Bh3 19.Rad1 Nh5 20.Nf1 Bxf1 21.Rxf1 Qe7 
22.Bg2 c5 23.dxe5 dxe5 24.Qe2 Nf6 25.Bh3 Nh7 26.Bf5 Nf6 27.Rxd8 Rxd8 28.
Rd1 Rxd1+ 29.Qxd1 Nf8 30.Qd3 g6 31.Bh3 N8h7 32.Bg2 Qd7 33.Qxd7 Nxd7 34.Bh3
Nhf8 35.f4 f6 36.Kf2 Kf7 37.Ke3 Ke7 38.fxe5 fxe5 39.Bg4 Ne6 40.Bd1 Kd6 41.
Bc1 Ke7 1/2-1/2

[Event "POL-ChT3"]
[Site "Lazy POL"]
[Date "2012.09.05"]
[Round "5"]
[White "Bartkowiak, Damian"]
[Black "Krasiewicz, Robert"]
[Result "0-1"]
[WhiteElo "2134"]
[BlackElo "2033"]
[EventDate "2012.09.01"]
[PlyCount "66"]

1.Nf3 f5 2.d4 Nf6 3.Nc3 d6 4.h4 e6 5.Bg5 Be7 6.Qd3 Bd7 7.e4 fxe4 8.Nxe4 
Nc6 9.Bxf6 Bxf6 10.Neg5 Nb4 11.Qb3 a5 12.O-O-O Qe7 13.a3 Nd5 14.Bc4 c6 15.
Rde1 O-O 16.Kb1 g6 17.Ne4 Bg7 18.h5 a4 19.Qa2 b5 20.Bxd5 cxd5 21.Ng3 Qf6 
22.hxg6 hxg6 23.c3 Rfc8 24.Ka1 b4 25.cxb4 Rc2 26.Re2 Rac8 27.Qb1 Rxe2 28.
Nxe2 e5 29.Nc3 Be6 30.dxe5 dxe5 31.Nxa4 e4 32.Nd2 Ra8 33.Nc3 Rxa3+ 0-1

[Event "POL-ChT3"]
[Site "Lazy POL"]
[Date "2012.09.05"]
[Round "5"]
[White "Maciaga, Marcin"]
[Black "Przybylski, Bartosz"]
[Result "1/2-1/2"]
[WhiteElo "2197"]
[BlackElo "2102"]
[EventDate "2012.09.01"]
[PlyCount "28"]

1.d4 g6 2.c4 d6 3.Nf3 Nf6 4.g3 Bg7 5.Bg2 O-O 6.Nc3 Bf5 7.Qb3 Nc6 8.Qxb7 
Na5 9.Qa6 c5 10.dxc5 Bc8 11.Qb5 Bd7 12.Qa6 Bc8 13.Qb5 Bd7 14.Qa6 Bc8 
1/2-1/2

[Event "POL-ChT3"]
[Site "Lazy POL"]
[Date "2012.09.05"]
[Round "5"]
[White "Duszczak, Dariusz"]
[Black "Sliwinski, Marcin"]
[Result "1/2-1/2"]
[WhiteElo "2011"]
[BlackElo "2108"]
[EventDate "2012.09.01"]
[PlyCount "106"]

1.e4 e5 2.Nc3 Nc6 3.Bc4 Nf6 4.d3 Bc5 5.Nf3 h6 6.O-O d6 7.Na4 Bb6 8.Nxb6 
axb6 9.c3 O-O 10.a4 Kh8 11.h3 Ne7 12.Qb3 Qe8 13.Re1 Bd7 14.Bd2 Bxa4 15.Qa2
b5 16.Bb3 Nd7 17.Bxa4 Rxa4 18.Qb3 Nc5 19.Qc2 Qa8 20.Rab1 f5 21.exf5 Nxf5 
22.d4 exd4 23.Nxd4 Qc8 24.b4 Nxd4 25.cxd4 Na6 26.Bxh6 Qf5 27.Qd2 Rf6 28.
Bg5 Re6 29.Rxe6 Qxe6 30.Re1 Qg6 31.Qf4 Kg8 32.Re7 Nxb4 33.Rxc7 Ra8 34.Rxb7
Nd5 35.Qg3 b4 36.h4 Nc3 37.Qg4 d5 38.h5 Qd6 39.Rxg7+ Kh8 40.Bf4 Qxf4 41.
Qxf4 Ne2+ 42.Kh2 Nxf4 43.Rb7 Nd3 44.Kg3 Ra3 45.Kg4 b3 46.Kg5 b2 47.h6 Ra1 
48.Rb8+ Kh7 49.Rb7+ Kg8 50.Rb8+ Kf7 51.h7 Rh1 52.Rb7+ Ke8 53.Kg6 Nf4+ 
1/2-1/2

[Event "POL-ChT3"]
[Site "Lazy POL"]
[Date "2012.09.05"]
[Round "5"]
[White "Huchwajda, Katarzyna"]
[Black "Andrzejewska, Anna"]
[Result "0-1"]
[WhiteElo "1867"]
[BlackElo "1990"]
[EventDate "2012.09.01"]
[PlyCount "84"]

1.e4 e5 2.Nf3 Nc6 3.Nc3 Nf6 4.Bb5 Bb4 5.O-O O-O 6.d3 d6 7.Bg5 Bxc3 8.bxc3 
Qe7 9.h3 Nd8 10.Re1 c6 11.Bc4 h6 12.Bh4 Be6 13.Bb3 Bxb3 14.axb3 Ne6 15.
Bxf6 Qxf6 16.g3 Ng5 17.Nxg5 Qxg5 18.Qc1 Qh5 19.Kg2 f5 20.exf5 Qxf5 21.Qe3 
a6 22.Rf1 Rae8 23.Rae1 d5 24.f3 Rf7 25.f4 e4 26.g4 Qf6 27.d4 Ref8 28.Kg3 
Qd6 29.Re2 g5 30.Ref2 a5 31.Qc1 gxf4+ 32.Kg2 Kh7 33.Kh1 b5 34.Rg1 Qf6 35.
Qe1 Qh4 36.Qf1 f3 37.Qe1 Qg5 38.Rgf1 e3 39.Rh2 Qf4 40.c4 Qe4 41.Qg3 f2+ 
42.Qg2 e2 0-1

[Event "POL-ChT3"]
[Site "Lazy POL"]
[Date "2012.09.05"]
[Round "5"]
[White "Bielinski, Dariusz"]
[Black "Janczarski, Michal"]
[Result "1-0"]
[WhiteElo "2215"]
[BlackElo "2306"]
[EventDate "2012.09.01"]
[PlyCount "65"]

1.e4 c5 2.Nf3 d6 3.d4 Nf6 4.Nc3 cxd4 5.Nxd4 a6 6.Be3 e6 7.Qd2 b5 8.a3 Bb7 
9.f3 Nbd7 10.g4 h6 11.h4 d5 12.exd5 Nxd5 13.Nxd5 Bxd5 14.Rh3 Be7 15.O-O-O 
Nb6 16.Kb1 h5 17.g5 Qc7 18.g6 f6 19.Qa5 Bd8 20.Bc1 Qc8 21.Qe1 Be7 22.f4 
Bc5 23.Re3 Ra7 24.Rxe6+ Bxe6 25.Nxe6 Re7 26.Bh3 Nd7 27.Nxg7+ Kf8 28.Ne6+ 
Kg8 29.Qc3 Nf8 30.Nxc5 Qc6 31.f5 Re5 32.b4 a5 33.Qb3+ 1-0

[Event "POL-ChT3"]
[Site "Lazy POL"]
[Date "2012.09.05"]
[Round "5"]
[White "Chomczyk, Marek"]
[Black "Sroka, Janusz"]
[Result "0-1"]
[WhiteElo "1876"]
[BlackElo "2109"]
[EventDate "2012.09.01"]
[PlyCount "114"]

1.e4 e5 2.Nf3 d6 3.d4 exd4 4.Nxd4 Nf6 5.Nc3 Be7 6.Be2 O-O 7.Be3 c6 8.O-O 
Re8 9.f3 Bf8 10.Qd2 Nbd7 11.Rad1 Ne5 12.Bg5 h6 13.Bh4 Ng6 14.Bf2 Nh5 15.
Be3 Nf6 16.Bc4 Qe7 17.Bf2 Nh5 18.Rfe1 Nhf4 19.Nde2 Nxe2+ 20.Rxe2 b5 21.Bb3
a5 22.a3 Ba6 23.Ree1 Qf6 24.Bd4 Qh4 25.Bf2 Qf6 26.Bd4 Qe7 27.Bf2 Qc7 28.
Bg3 Rad8 29.Ne2 Bc8 30.c4 bxc4 31.Bxc4 Ne5 32.Ba2 Ba6 33.Qc3 Qb6+ 34.Bf2 
Qc7 35.Nd4 Rc8 36.Rd2 g6 37.Rc1 c5 38.f4 Ng4 39.Qg3 Qd7 40.f5 cxd4 41.Rxc8
Rxc8 42.Qxg4 Bg7 43.h3 Rc1+ 44.Kh2 Be5+ 45.Bg3 g5 46.Qh5 Bxg3+ 47.Kxg3 d5 
48.Kh2 Qc7+ 49.g3 Rc2 50.Qd1 d3 51.Bb3 Rxd2+ 52.Qxd2 dxe4 53.Kg2 Qb6 54.
Qc3 e3 55.h4 Bb7+ 56.Kh3 Qc6 57.Qxd3 Qg2+ 0-1

[Event "POL-ChT3"]
[Site "Lazy POL"]
[Date "2012.09.05"]
[Round "5"]
[White "Kielbratowski, Aleksander"]
[Black "Powalka, Michal"]
[Result "1-0"]
[WhiteElo "2096"]
[BlackElo "1767"]
[EventDate "2012.09.01"]
[PlyCount "89"]

1.e4 e5 2.Nf3 Nc6 3.Nc3 g6 4.d3 Bg7 5.Be2 Nf6 6.Bg5 h6 7.Bh4 d6 8.Qd2 Be6 
9.O-O-O Nd4 10.Nxd4 exd4 11.Nb5 g5 12.Bg3 Nd7 13.Qb4 a5 14.Qa3 O-O 15.f4 
Nb8 16.f5 Bd7 17.Qb3 a4 18.Qc4 Ra5 19.Nxd4 Rc5 20.Qb4 Na6 21.Qd2 Bxd4 22.
h4 Qf6 23.c4 b5 24.hxg5 hxg5 25.Rh5 Rb8 26.Rdh1 Kf8 27.Rh6 Qg7 28.Rh7 Qg8 
29.e5 Rxe5 30.Rh8 Be3 31.Rxg8+ Kxg8 32.Rh8+ Kxh8 33.Bxe5+ dxe5 34.Qxe3 f6 
35.g4 c5 36.Bf3 Rd8 37.Bb7 Nb4 38.a3 Bc6 39.Bxc6 Nxc6 40.Qxc5 Nd4 41.Qe7 
Nb3+ 42.Kc2 Rd4 43.Qxf6+ Kh7 44.Qf7+ Kh8 45.f6 1-0

[Event "POL-ChT3"]
[Site "Lazy POL"]
[Date "2012.09.05"]
[Round "5"]
[White "Kowalec, Maciej"]
[Black "Szylko, Waldemar"]
[Result "1/2-1/2"]
[WhiteElo "1697"]
[BlackElo "2023"]
[EventDate "2012.09.01"]
[PlyCount "78"]

1.d4 c6 2.c4 f5 3.Nc3 Nf6 4.Nf3 e6 5.e3 d5 6.Be2 Bd6 7.Ne5 O-O 8.O-O Nbd7 
9.f4 Ne4 10.Nxe4 fxe4 11.b3 Nxe5 12.fxe5 Be7 13.Rxf8+ Qxf8 14.Qf1 Bd7 15.
Qxf8+ Rxf8 16.Bd2 c5 17.Rf1 Bc6 18.Rxf8+ Kxf8 19.cxd5 exd5 20.Kf2 Bd7 21.
Bc3 Be6 22.Ke1 Ke8 23.Bb5+ Kd8 24.Kd1 Kc7 25.Ba5+ b6 26.Bd2 Kb7 27.Kc2 a6 
28.Be2 b5 29.Kb2 Kb6 30.a3 a5 31.dxc5+ Bxc5 32.b4 axb4 33.axb4 Be7 34.Kc2 
Bg5 35.Kd1 Kc6 36.Kc2 Be7 37.Kc3 Bd8 38.Be1 Bb6 39.Bf2 Kc7 1/2-1/2

[Event "POL-ChT3"]
[Site "Lazy POL"]
[Date "2012.09.05"]
[Round "5"]
[White "Kielbratowski, Maciej"]
[Black "Kowalski, Igor"]
[Result "0-1"]
[WhiteElo "1850"]
[BlackElo "1770"]
[EventDate "2012.09.01"]
[PlyCount "62"]

1.d4 Nf6 2.c4 d6 3.Nc3 Nbd7 4.e4 e5 5.Be3 Be7 6.f3 c6 7.Nge2 O-O 8.Qd2 Re8
9.g4 Kh8 10.Ng3 Nf8 11.g5 Ng8 12.h4 f6 13.Bh3 fxg5 14.Nf5 Bxf5 15.Bxf5 
gxh4 16.O-O-O Bf6 17.Rdg1 Qe7 18.dxe5 dxe5 19.Bg5 Bxg5 20.Rxg5 g6 21.Qg2 
Nf6 22.Rxh4 gxf5 23.exf5 N8d7 24.Rh6 Rg8 25.Rxg8+ Rxg8 26.Qh2 Rg5 27.Ne4 
Nxe4 28.Re6 Qg7 29.Re8+ Nf8 30.fxe4 Rg1+ 31.Kd2 Rg2+ 0-1

[Event "POL-ChT3"]
[Site "Lazy POL"]
[Date "2012.09.05"]
[Round "5"]
[White "Gluszko, Monika"]
[Black "Dziopa, Malgorzata"]
[Result "1-0"]
[WhiteElo "1990"]
[BlackElo "1792"]
[EventDate "2012.09.01"]
[PlyCount "127"]

1.e4 e5 2.Nf3 Nf6 3.Nc3 Nc6 4.d4 exd4 5.Nxd4 Bb4 6.Nxc6 Bxc3+ 7.bxc3 dxc6 
8.Qxd8+ Kxd8 9.Bg5 h6 10.Bxf6+ gxf6 11.O-O-O+ Ke7 12.Bd3 Be6 13.Kb2 Rad8 
14.f4 Bc8 15.Rhe1 b6 16.Kc1 Bb7 17.Re3 Rhg8 18.g3 Rge8 19.Rde1 Kf8 20.g4 
Bc8 21.f5 Re5 22.Rg3 Ke7 23.Rh3 Rh8 24.Rh5 Kf8 25.h4 Kg7 26.Rg1 b5 27.g5 
hxg5 28.Rxh8 Kxh8 29.hxg5 Kg7 30.gxf6+ Kxf6 31.Rg8 Bd7 32.Rg4 c5 33.Kd2 
Re7 34.Ke3 Ke5 35.Rg8 Re8 36.Rg7 Kf6 37.Rg4 Ke5 38.Be2 Rh8 39.Bf3 a5 40.
Rg7 Kf6 41.Rg1 Re8 42.Kf4 b4 43.cxb4 cxb4 44.Rd1 Ba4 45.Rd5 Bxc2 46.Rxa5 
b3 47.axb3 Bxb3 48.Rc5 Rb8 49.e5+ Ke7 50.Rxc7+ Kd8 51.Rc6 Rb5 52.Rd6+ Kc7 
53.Rh6 Rb4+ 54.Kg5 Rb5 55.Rc6+ Kd7 56.Kf6 Rb8 57.Ra6 Bc4 58.Rd6+ Ke8 59.
Bh5 Kf8 60.Rd7 Re8 61.Bxf7 Bxf7 62.Rxf7+ Kg8 63.Ra7 Rf8+ 64.Kg6 1-0

[Event "POL-ChT3"]
[Site "Lazy POL"]
[Date "2012.09.05"]
[Round "5"]
[White "Brzezinski, Mateusz"]
[Black "Dors, Ryszard"]
[Result "1/2-1/2"]
[WhiteElo "2108"]
[BlackElo "2220"]
[EventDate "2012.09.01"]
[PlyCount "93"]

1.c4 g6 2.Nc3 Bg7 3.g3 e5 4.Bg2 Nc6 5.e3 d6 6.Nge2 Be6 7.d3 Qd7 8.Nd5 Nd8 
9.h4 c6 10.Ndc3 h6 11.b4 Ne7 12.Rb1 O-O 13.b5 f5 14.bxc6 bxc6 15.Qa4 Nf7 
16.Bd2 Rae8 17.Qa6 Nd8 18.f4 Kh7 19.d4 Bf7 20.O-O Bf6 21.Rb8 Ne6 22.Rb7 
Qc8 23.Qxa7 exd4 24.Na4 Nc5 25.Rc7 Qe6 26.Nxc5 dxc5 27.Qxc5 Qxc4 28.Qxc4 
Bxc4 29.Nxd4 Bxf1 30.Bxf1 Rc8 31.Ra7 Ra8 32.Rc7 Rfc8 33.Rb7 Rxa2 34.Bc3 
Ra3 35.Nb5 Rxc3 36.Nxc3 Kg7 37.Bc4 Ra8 38.Kf2 Kf8 39.Ne2 Ke8 40.Be6 Rd8 
41.Kf3 Rd6 42.Rb8+ Rd8 43.Rb7 Rd6 44.Rb8+ Rd8 45.Rb7 Rd6 46.Rb8+ Rd8 47.
Rb7 1/2-1/2

[Event "POL-ChT3"]
[Site "Lazy POL"]
[Date "2012.09.05"]
[Round "5"]
[White "Gmaj, Krzysztof"]
[Black "Stoppel, Mariusz"]
[Result "1-0"]
[WhiteElo "2152"]
[BlackElo "2090"]
[EventDate "2012.09.01"]
[PlyCount "81"]

1.e4 c5 2.Nf3 e6 3.b3 Nc6 4.Bb2 d6 5.Bb5 Bd7 6.O-O Nf6 7.Re1 Be7 8.d4 cxd4
9.Nxd4 Nxd4 10.Bxd7+ Qxd7 11.Qxd4 O-O 12.c4 Qc6 13.Nc3 Rfd8 14.Rad1 a6 15.
a4 Qc5 16.Qxc5 dxc5 17.e5 Ne8 18.Kf1 Kf8 19.Ke2 f5 20.a5 Rd4 21.Na4 Rh4 
22.h3 g5 23.Rd7 Ng7 24.Red1 Nh5 25.Rxb7 Re4+ 26.Kf1 Nf4 27.Rdd7 Re8 28.
Rbc7 g4 29.hxg4 fxg4 30.g3 Ng6 31.Nxc5 Bxc5 32.Rf7+ Kg8 33.Rg7+ Kh8 34.
Rxh7+ Kg8 35.Rcg7+ Kf8 36.Rxg6 Bb4 37.Kg2 Re2 38.Bc1 Re7 39.Rh8+ Kf7 40.
Rxg4 Rxe5 41.Bb2 1-0

[Event "POL-ChT3"]
[Site "Lazy POL"]
[Date "2012.09.05"]
[Round "5"]
[White "Mazalon, Mariusz"]
[Black "Sek, Joachim"]
[Result "1-0"]
[WhiteElo "2000"]
[BlackElo "2140"]
[EventDate "2012.09.01"]
[PlyCount "83"]

1.d4 e6 2.c4 f5 3.Nc3 Nf6 4.Bf4 d5 5.e3 c6 6.Bd3 Be7 7.Qc2 Qa5 8.Ne2 Na6 
9.O-O Nb4 10.Qd2 Nxd3 11.Qxd3 O-O 12.a3 Qd8 13.b4 Bd7 14.f3 Be8 15.Be5 Nd7
16.Bg3 g5 17.b5 Nb6 18.c5 Nc4 19.a4 Bg6 20.f4 Qe8 21.Rfb1 Bh5 22.a5 a6 23.
bxc6 bxc6 24.Na4 Bxe2 25.Qxe2 Bd8 26.Nb6 Bxb6 27.axb6 g4 28.h3 h5 29.hxg4 
hxg4 30.Kf2 Kg7 31.Rh1 Rh8 32.e4 Rxh1 33.Rxh1 Qf7 34.e5 Rh8 35.Bh4 Kg6 36.
Qe1 a5 37.Bg5 Rh7 38.Rxh7 Qxh7 39.Kg1 Qg7 40.Bf6 Qf7 41.Qh4 a4 42.b7 1-0

[Event "POL-ChT3"]
[Site "Lazy POL"]
[Date "2012.09.05"]
[Round "5"]
[White "Morkisz, Bogdan"]
[Black "Wisniewski, Adam"]
[Result "0-1"]
[WhiteElo "2119"]
[BlackElo "1956"]
[EventDate "2012.09.01"]
[PlyCount "71"]

1.e4 e6 2.d3 c5 3.g3 Nc6 4.Bg2 g6 5.Nc3 Bg7 6.Be3 d6 7.Qd2 Nge7 8.Bh6 Bxh6
9.Qxh6 Nd4 10.Qd2 O-O 11.Nd1 f5 12.c3 Ndc6 13.h4 fxe4 14.dxe4 d5 15.h5 
dxe4 16.Qxd8 Rxd8 17.hxg6 hxg6 18.Bxe4 Ne5 19.Nh3 Nf7 20.Nf4 Kg7 21.Ne3 a5
22.Nd3 Ng5 23.Nxc5 Nxe4 24.Nxe4 b6 25.Ng5 Nf5 26.Rh7+ Kg8 27.Ng4 Ng7 28.f4
Ra7 29.Ne5 Rd5 30.c4 Rxe5+ 31.fxe5 Rd7 32.Rd1 Rxd1+ 33.Kxd1 Nf5 34.Rc7 Ba6
35.b3 Nxg3 36.Ra7 0-1

[Event "POL-ChT3"]
[Site "Lazy POL"]
[Date "2012.09.05"]
[Round "5"]
[White "Marchlewicz, Damian"]
[Black "Jelonek, Michal"]
[Result "1/2-1/2"]
[WhiteElo "1936"]
[BlackElo "2015"]
[EventDate "2012.09.01"]
[PlyCount "120"]

1.d4 Nf6 2.Nf3 e6 3.c4 b6 4.Nc3 Bb7 5.Bf4 Bb4 6.a3 Bxc3+ 7.bxc3 Ne4 8.Qc2 
d6 9.e3 Nd7 10.Nd2 Nxd2 11.Qxd2 Qe7 12.Bg3 f5 13.f4 Be4 14.Bd3 d5 15.Bxe4 
dxe4 16.Bf2 O-O 17.h3 Rfd8 18.Qe2 c5 19.g4 Rac8 20.O-O cxd4 21.cxd4 Nf8 
22.Rfc1 Rd7 23.Be1 Rdc7 24.Bb4 Qh4 25.Kg2 g5 26.Be1 Qh6 27.Bg3 Rg7 28.c5 
fxg4 29.hxg4 gxf4 30.exf4 Qg6 31.cxb6 Rxc1 32.Rxc1 axb6 33.Re1 h6 34.Kf2 
Ra7 35.Qxe4 Qxg4 36.Qd3 Rg7 37.Rh1 Ng6 38.Qe4 h5 39.Rg1 h4 40.Bh2 Qh3 41.
Rxg6 Qxh2+ 42.Kf1 Rxg6 43.Qxg6+ Kf8 44.Qf6+ Ke8 45.Qxe6+ Kf8 46.Qc8+ Kf7 
47.Qf5+ Ke8 48.Qe5+ Kf8 49.f5 Qh3+ 50.Kf2 Qxa3 51.Qf6+ Ke8 52.Qxh4 Qb2+ 
53.Ke3 Qc3+ 54.Ke4 Qc6+ 55.Kf4 Qc1+ 56.Kg4 Qg1+ 57.Kf3 Qd1+ 58.Kg2 Qe2+ 
59.Qf2 Qe4+ 60.Kf1 Kf7 1/2-1/2

[Event "POL-ChT3"]
[Site "Lazy POL"]
[Date "2012.09.05"]
[Round "5"]
[White "Stec, Ewa"]
[Black "Paprocka, Renata"]
[Result "1/2-1/2"]
[WhiteElo "1988"]
[BlackElo "1985"]
[EventDate "2012.09.01"]
[PlyCount "156"]

1.e4 c5 2.Nc3 d6 3.g3 Nc6 4.Bg2 g6 5.d3 Bg7 6.Be3 e6 7.Qd2 Nd4 8.Nd1 Rb8 
9.c3 Nc6 10.Ne2 Nge7 11.Bh6 O-O 12.h4 f6 13.Bxg7 Kxg7 14.h5 Rh8 15.h6+ Kf7
16.f4 Rf8 17.Nf2 Kg8 18.g4 b5 19.Ng3 e5 20.g5 b4 21.f5 bxc3 22.bxc3 fxg5 
23.Qxg5 Kh8 24.Bh3 Ng8 25.fxg6 Qxg5 26.g7+ Qxg7 27.hxg7+ Kxg7 28.Bxc8 
Rbxc8 29.Nf5+ Kh8 30.Nxd6 Rb8 31.Nc4 Rf4 32.Rh5 Rbf8 33.Rh2 Nf6 34.Ke2 Ng4
35.Nxg4 Rxg4 36.Rah1 Rf7 37.Nd6 Rfg7 38.Rf1 Rg2+ 39.Rxg2 Rxg2+ 40.Rf2 
Rxf2+ 41.Kxf2 Nd8 42.Nc8 Nc6 43.Nd6 Nd8 44.Nc4 Nc6 45.Nd6 Nd8 46.Nc8 Nc6 
47.Nd6 Nd8 48.Ne8 Ne6 49.Nf6 Nf8 50.Ne8 Kg8 51.Nd6 Kg7 52.Nc8 a6 53.Nd6 
Kf6 54.Ne8+ Kg5 55.Nc7 a5 56.a4 h5 57.Nd5 Ne6 58.Ne7 Nf4 59.Ke3 h4 60.Nc6 
Ng6 61.Kf3 Kh5 62.Nxa5 Nf4 63.Nc6 Nxd3 64.a5 Ne1+ 65.Kf2 Nd3+ 66.Kg2 Nf4+ 
67.Kh2 Ne6 68.a6 Nc7 69.a7 Kg4 70.Nxe5+ Kf4 71.Nd3+ Kxe4 72.Nxc5+ Kd5 73.
Na4 Kc6 74.Kh3 Kb7 75.Kxh4 Kxa7 76.Kg5 Nb5 77.c4 Nd6 78.c5 Ne4+ 1/2-1/2

[Event "POL-ChT3"]
[Site "Lazy POL"]
[Date "2012.09.05"]
[Round "5"]
[White "Paprocki, Jaroslaw"]
[Black "Joachimiak, Roman"]
[Result "1-0"]
[WhiteElo "2224"]
[BlackElo "2055"]
[EventDate "2012.09.01"]
[PlyCount "53"]

1.d4 Nf6 2.c4 g6 3.Nc3 Bg7 4.e4 O-O 5.f4 d6 6.Nf3 Na6 7.e5 Nh5 8.Be2 c5 9.
d5 Bh8 10.O-O Nc7 11.Ng5 h6 12.Nge4 Ng7 13.g4 Nge8 14.f5 Bxe5 15.fxg6 f5 
16.Bxh6 Ng7 17.Ng5 Rf6 18.Nf7 Bd4+ 19.Kh1 Qe8 20.Bd3 Rxg6 21.gxf5 Rf6 22.
Bxg7 Kxg7 23.Qg4+ Kxf7 24.Qh5+ Kf8 25.Qh8+ Kf7 26.Qh7+ Kf8 27.Rg1 1-0

[Event "POL-ChT3"]
[Site "Lazy POL"]
[Date "2012.09.05"]
[Round "5"]
[White "Markowski, Piotr"]
[Black "Lewandowski, Krzysztof"]
[Result "0-1"]
[WhiteElo "2174"]
[BlackElo "2136"]
[EventDate "2012.09.01"]
[PlyCount "52"]

1.e4 Nf6 2.e5 Nd5 3.Nc3 Nxc3 4.bxc3 d5 5.d4 c5 6.Qf3 Nc6 7.Ne2 e6 8.h4 Qa5
9.Kd1 Qa4 10.Qf4 a6 11.Rh3 Be7 12.g4 Bd7 13.g5 O-O-O 14.Rd3 h6 15.Be3 hxg5
16.hxg5 Rdf8 17.Qg3 Na5 18.dxc5 Nc4 19.Bd4 Nb2+ 20.Kd2 Nxd3 21.cxd3 Qa3 
22.Rc1 Rh5 23.f4 Rh1 24.Ke3 Rfh8 25.Kf3 Qxa2 26.Qg4 g6 0-1

[Event "POL-ChT3"]
[Site "Lazy POL"]
[Date "2012.09.05"]
[Round "5"]
[White "Lunkiewicz, Dariusz"]
[Black "Kozlowski, Tomasz"]
[Result "1/2-1/2"]
[WhiteElo "2052"]
[BlackElo "1947"]
[EventDate "2012.09.01"]
[PlyCount "68"]

1.d4 d6 2.Nf3 g6 3.Bf4 Bg7 4.e3 Nd7 5.h3 c6 6.Nbd2 e5 7.Bh2 Qe7 8.dxe5 d5 
9.c3 Nxe5 10.Nxe5 Bxe5 11.Bxe5 Qxe5 12.Nf3 Qf6 13.Be2 Ne7 14.Qd4 Qxd4 15.
cxd4 Nf5 16.O-O Nd6 17.Rfc1 Bd7 18.Rc3 Ke7 19.Ra3 a5 20.Rc1 Ra7 21.Ne5 
Rha8 22.Rac3 Nc4 23.R3c2 Nd6 24.f3 f6 25.Nd3 Bf5 26.g4 Bd7 27.Kf2 Be8 28.
h4 h6 29.Rh1 Kf8 30.Nf4 Bf7 31.Bd3 Kg7 32.Ne2 Be8 33.Ng3 Bf7 34.h5 g5 
1/2-1/2

[Event "POL-ChT3"]
[Site "Lazy POL"]
[Date "2012.09.05"]
[Round "5"]
[White "Wojtkowski, Pawel"]
[Black "Tabaczka, Jerzy"]
[Result "1/2-1/2"]
[WhiteElo "1963"]
[BlackElo "1855"]
[EventDate "2012.09.01"]
[PlyCount "96"]

1.Nf3 Nf6 2.c4 g6 3.g3 Bg7 4.d4 d5 5.cxd5 Nxd5 6.Bg2 O-O 7.O-O Nc6 8.e4 
Nb6 9.d5 Na5 10.Nc3 c6 11.dxc6 bxc6 12.Qc2 Be6 13.Rd1 Qc8 14.b3 Nb7 15.Ba3
c5 16.Ng5 h6 17.Nxe6 Qxe6 18.Rac1 Rac8 19.e5 Na5 20.f4 c4 21.b4 Nc6 22.b5 
Nb8 23.Nd5 Nxd5 24.Bxd5 Qb6+ 25.Qf2 Qxb5 26.Qxa7 e6 27.Rb1 Nc6 28.Bxc6 
Qxc6 29.Bxf8 Bxf8 30.Qb7 Qc5+ 31.Kg2 c3 32.Rbc1 Qc4 33.Kh3 Rc7 34.Qb8 Rc8 
35.Qb7 Rc7 36.Qb6 Rc5 37.Rd8 Kg7 38.Qb8 Qe2 39.Qa8 Qh5+ 40.Kg2 Qe2+ 41.Kh1
Rd5 42.Rxf8 Qf3+ 43.Kg1 Qe3+ 44.Kg2 Qe2+ 45.Kh1 Qf3+ 46.Kg1 Qe3+ 47.Kg2 
Qe2+ 48.Kh1 Qf3+ 1/2-1/2

[Event "POL-ChT3"]
[Site "Lazy POL"]
[Date "2012.09.05"]
[Round "5"]
[White "Marchel, Agnieszka"]
[Black "Skrzypczak, Michal"]
[Result "0-1"]
[WhiteElo "1995"]
[BlackElo "1990"]
[EventDate "2012.09.01"]
[PlyCount "76"]

1.d4 c5 2.d5 e5 3.e4 d6 4.Bd3 Ne7 5.Ne2 g6 6.Ng3 Bg7 7.c4 Na6 8.a3 Nc7 9.
Nc3 a6 10.Bd2 O-O 11.O-O f5 12.f4 fxe4 13.Ngxe4 Bf5 14.fxe5 Bxe5 15.Bg5 
Qd7 16.Qd2 Rae8 17.Rae1 b5 18.Kh1 Nc8 19.Bh6 Bg7 20.Bxg7 Kxg7 21.Ng3 Bxd3 
22.Qxd3 bxc4 23.Qxc4 Nb6 24.Qd3 Rxf1+ 25.Rxf1 Re5 26.Qf3 Qe7 27.Rd1 Ncxd5 
28.Nce4 h5 29.Nc3 Nf6 30.Qd3 a5 31.h3 d5 32.Nf1 d4 33.Nb1 Ne4 34.Kg1 Qf6 
35.Qa6 Qf2+ 36.Kh1 Nd5 37.Qb7+ Kh6 38.Qb8 Qf3 0-1

[Event "POL-ChT3"]
[Site "Lazy POL"]
[Date "2012.09.05"]
[Round "5"]
[White "Kozlowska, Marzena"]
[Black "Lewandowska, Anika"]
[Result "0-1"]
[WhiteElo "1913"]
[BlackElo "1937"]
[EventDate "2012.09.01"]
[PlyCount "32"]

1.e4 e5 2.Nf3 Nc6 3.Bb5 Bc5 4.c3 Qe7 5.O-O a6 6.Bc4 d6 7.d4 Ba7 8.Ng5 Nd8 
9.f4 Nf6 10.fxe5 dxe5 11.Kh1 O-O 12.dxe5 Qxe5 13.Bf4 Qc5 14.Qe2 Bg4 15.Nf3
Nh5 16.Bd2 Ng3+ 0-1

[Event "POL-ChT3"]
[Site "Lazy POL"]
[Date "2012.09.06"]
[Round "6"]
[White "Tazbir, Marcin"]
[Black "Ciesla, Adam"]
[Result "1/2-1/2"]
[WhiteElo "2554"]
[BlackElo "2336"]
[EventDate "2012.09.01"]

1.e4 e5 2.Nf3 Nc6 3.Bb5 a6 4.Ba4 b5 5.Bb3 Na5 6.O-O d6 7.d4 exd4 8.Qxd4 
Bb7 9.Bg5 Qd7 10.c4 c5 11.Qd3 f6 12.Bf4 Nxb3 13.axb3 b4 14.Nbd2 O-O-O 15.
Rfd1 g5 16.Bg3 h5 17.h4 Nh6 18.hxg5 fxg5 19.Nxg5 Be7 20.Bh4 Rhg8 21.f4 Bf6
22.Rab1 Bd4+ 23.Bf2 Bf6 24.Bh4 Bd4+ 25.Bf2 Bf6 26.Bh4 Bd4+ 1/2-1/2

[Event "POL-ChT3"]
[Site "Lazy POL"]
[Date "2012.09.06"]
[Round "6"]
[White "Klekowski, Maciej"]
[Black "Mikrut, Dariusz"]
[Result "1-0"]
[WhiteElo "2332"]
[BlackElo "2355"]
[EventDate "2012.09.01"]

1.c4 Nf6 2.Nc3 g6 3.g3 Bg7 4.Bg2 O-O 5.e4 e5 6.Nge2 d6 7.O-O c6 8.d3 a6 9.
h3 b5 10.Bg5 h6 11.Be3 Nbd7 12.Qd2 Kh7 13.f4 Bb7 14.Rae1 Qe7 15.b3 Rfe8 
16.g4 exf4 17.Bxf4 Nc5 18.Ng3 Nfd7 19.d4 Ne6 20.Be3 b4 21.Nd5 cxd5 22.exd5
Nef8 23.Bf2 Qd8 24.Rxe8 Qxe8 25.Qxb4 Rb8 26.Qxd6 Nf6 27.Re1 Qd8 28.Ne4 
Nxe4 29.Qxd8 Rxd8 30.Rxe4 Nd7 31.Re1 Kg8 32.c5 Nf6 33.d6 Bxg2 34.Kxg2 Nd5 
35.Kf3 g5 36.Rc1 Bf8 37.Bg3 Nf4 38.Bxf4 gxf4 39.Kxf4 Bxd6+ 40.cxd6 Rxd6 
41.Ke4 Re6+ 42.Kd3 Rf6 43.Re1 Rf2 44.Re2 Rf3+ 45.Re3 Rf2 46.a4 h5 47.d5 
hxg4 48.hxg4 Kf8 49.Re4 Rb2 50.Kc3 Rb1 51.Kc2 Rh1 52.d6 Rh6 53.d7 1-0

[Event "POL-ChT3"]
[Site "Lazy POL"]
[Date "2012.09.06"]
[Round "6"]
[White "Brzeski, Maciej"]
[Black "Flis, Jacek"]
[Result "1-0"]
[WhiteElo "2314"]
[BlackElo "2256"]
[EventDate "2012.09.01"]

1.e4 c5 2.Nf3 e6 3.d4 cxd4 4.Nxd4 Nc6 5.Nc3 Qc7 6.Be3 a6 7.Qd2 Nf6 8.O-O-O
Bb4 9.f3 Ne5 10.Nb3 b5 11.Qd4 Be7 12.Be2 Bb7 13.g4 d6 14.h4 Nc6 15.Qd2 Nd7
16.h5 Nde5 17.h6 g6 18.Nd4 Nxd4 19.Qxd4 f6 20.f4 Nc4 21.Bxc4 Qxc4 22.Qxc4 
bxc4 23.Rhf1 Kf7 24.f5 gxf5 25.gxf5 Rhg8 26.fxe6+ Kxe6 27.Nd5 Rac8 28.Rg1 
Kf7 29.Rxg8 Rxg8 30.Rd4 Rg4 31.Nxe7 Kxe7 32.Rxc4 Bxe4 33.b4 Ke6 34.a4 f5 
35.b5 axb5 36.axb5 Rg3 37.Bf4 Rg4 38.Be3 Rg3 39.Bd2 Kd7 40.Ra4 Rg1+ 41.Kb2
Rg2 42.Kc3 f4 43.Rxe4 f3 44.Rf4 f2 45.Be3 Rg3 46.Kd3 1-0

[Event "POL-ChT3"]
[Site "Lazy POL"]
[Date "2012.09.06"]
[Round "6"]
[White "Denderski, Piotr"]
[Black "Barski, Radoslaw"]
[Result "1-0"]
[WhiteElo "2240"]
[BlackElo "2241"]
[EventDate "2012.09.01"]

1.Nf3 Nf6 2.c4 g6 3.Nc3 Bg7 4.e4 d6 5.d4 O-O 6.Be2 e5 7.O-O Nc6 8.d5 Ne7 
9.Ne1 Nd7 10.Be3 f5 11.f3 f4 12.Bf2 g5 13.Rc1 Rf6 14.c5 Nxc5 15.b4 Na6 16.
Nb5 Rh6 17.Nxa7 Bd7 18.Bb5 Rg6 19.Bxd7 Qxd7 20.a3 h5 21.Qd3 Bf6 22.Qb5 
Qxb5 23.Nxb5 Rc8 24.Nd3 g4 25.Kh1 Kf7 26.Rc2 Rgg8 27.Rfc1 Ra8 28.a4 Rgd8 
29.Na7 b6 30.Nb5 Rdc8 31.Bxb6 Rcb8 32.Ba5 Nxb4 33.Bxb4 Rxa4 34.Nxd6+ cxd6 
35.Bxd6 Rba8 36.Nxe5+ Ke8 37.Nc4 Ra1 38.Bxf4 Ng6 39.Be3 gxf3 40.gxf3 Nh4 
41.e5 Bd8 42.f4 R8a2 43.Rxa2 Rxa2 44.e6 Ke7 45.Ne5 Kf6 46.Nd7+ Kf5 47.Rf1 
Re2 48.Bc5 Kg4 49.Ne5+ Kh3 50.Nf3 Nxf3 51.Rxf3+ Kg4 52.Re3 Rxe3 53.Bxe3 
Be7 54.Kg2 Kf5 55.Kf3 Bd6 56.Bd4 h4 57.h3 Be7 58.Be5 Bc5 59.Bc7 Bb4 60.Bd8
1-0

[Event "POL-ChT3"]
[Site "Lazy POL"]
[Date "2012.09.06"]
[Round "6"]
[White "Slabek, Grzegorz"]
[Black "Paszewski, Mateusz"]
[Result "1/2-1/2"]
[WhiteElo "2105"]
[BlackElo "2063"]
[EventDate "2012.09.01"]

1.Nf3 Nf6 2.b3 c5 3.Bb2 e6 4.e3 Be7 5.Be2 O-O 6.O-O b6 7.d4 Bb7 8.c4 d6 9.
Nbd2 Nbd7 10.Qc2 Qc7 11.Rac1 Rac8 12.Rfd1 Rfd8 13.dxc5 Nxc5 14.Ng5 Ncd7 
15.Bh5 g6 16.Bf3 Bxf3 17.Ngxf3 Qb7 18.Qb1 Bf8 19.Qa1 Bg7 20.Nf1 Qc7 21.Ng3
Ne8 22.Bxg7 Nxg7 23.Ne4 Ne8 24.Nd4 a6 25.Ne2 Nc5 26.Nf6+ Nxf6 27.Qxf6 Rd7 
28.b4 Nb7 29.Qd4 Qd8 30.e4 Qc7 31.g3 Nd8 32.Qe3 Qb7 33.Qf4 Qc7 34.h4 h5 
35.Qh6 Nc6 36.b5 Ne5 37.Nd4 axb5 38.cxb5 Qd8 39.Qe3 Rdc7 40.Kg2 Rxc1 41.
Rxc1 Rxc1 42.Qxc1 Nd3 43.Qe3 Nc5 44.Nc6 Qf6 45.e5 dxe5 46.Qxe5 Qxe5 47.
Nxe5 Kg7 48.Nc4 Nd7 49.Kf3 f6 50.Ke4 g5 51.Kd4 gxh4 52.gxh4 Kf7 53.a4 Ke7 
54.f4 Kd8 55.a5 bxa5 56.Nxa5 Kc7 57.Nc4 Nb6 58.Nd2 Nd7 59.Ne4 Kb6 60.Ng3 
e5+ 61.Ke4 exf4 62.Nxh5 f3 63.Ng3 Ne5 64.Kf5 Kxb5 65.h5 Nf7 66.Kxf6 Nh6 
67.Kg7 Ng4 68.Kg6 f2 69.Kg5 Ne5 70.Kf5 Nf7 71.Kf4 Kc6 72.Kf3 Kd6 73.Kxf2 
Ke5 74.Kf3 Nh6 75.Kg2 Kf4 76.Kh3 Kg5 1/2-1/2